000 00584nam a2200229 a 4500
999 _c4912
_d4912
001 4912
003 BD-JhCC
005 20171209191704.0
008 171205s1941 e |||| ||a| 000 0 eng d
035 _a(BD-JhCC) 4912
040 _aBD-JhCC
_dBD-JhCC
041 _aeng
082 _a425
_bFRE 1941
100 _aFrench.F.G
245 _aA pictorial English grammar for schools abroad /
_cF.G French
250 _a3rd ed.
260 _aLondon :
_bLondon Oxford University Press
300 _a232 p .:
_c18 cm .
650 _aEnglish Grammar
942 _2ddc
_cBK